| 000 | 00355nam a2200133 a 4500 | ||
|---|---|---|---|
| 001 | 6027 | ||
| 003 | CDMR | ||
| 005 | 20130318103415.0 | ||
| 008 | 130220s2011||||||||||||||||||||||||||||d | ||
| 040 |
_aCDMR _bcat _cCPC LLEIDA |
||
| 245 | 3 |
_aLa Cultura de Lleida _cLLADONOSA VALL-LLEBRERA, Manuel |
|
| 260 |
_aLleida _bArts Grà fiques Dalmau _c2011 |
||
| 942 |
_cMON _2udc |
||
| 999 |
_c6027 _d6027 |
||